00747cam a22002291 4500001001300000003000400013005001700017008004100034010001700075035001900092040002100111042001200132050001800144100001500162245018700177250001400364260004300378300003100421504003200452650001600484999001700500sa 63003765 DLC20260227111944.0810306s1963 ii a b 000 0 eng  asa 63003765  a(OCoLC)7200659 aDLCcIMacoWdDLC apremarc00aHF5635b.R8891 aRoy, G. D.12aA survey of accounting ideas with an approach based on ʻclaims to services';ba study and interpretation of the fundamental concepts meant for students of accountancy and economics. a[1st ed.] aCalcutta,bAlpha Pub. Concern,c[1963] ax, 488 p.btables.c22 cm. aBibliography: p. [481]-484. 0aAccounting. c55274d55274